000 00654nam a2200253Ia 4500
003 OSt
005 20220912152941.0
006 a|||||r|||| 00| 0
007 ta
008 220909b |||||||| |||| 00| 0 eng d
024 _a28982
037 _cTextual
040 _aCSL
_beng
_cCSL
041 _aeng
082 _aB39, K81-;2
100 _aTalman James D
245 0 _aSpecial functions : A group theoretic approach
260 _c1968
300 _ap.
_ccm.
490 _aMathematical physics monographs series; 12
650 _aSpecial functions
942 _hB39, K81-;2
_cTEXL
_2CC
999 _c94614
_d94614